| 000 | 00532nam a2200193Ia 4500 | ||
|---|---|---|---|
| 003 | GCL | ||
| 008 | 140319s9999 xx 000 0 ara d | ||
| 040 |
_aGCL / _cGCL |
||
| 082 | 0 | 4 |
_a932 _bو ح |
| 100 | 1 | _aولسون ، جون | |
| 245 | 1 | 0 |
_aالحضارة المصرية / _cولسون ، جون |
| 260 |
_aالقاهرة : _bمكتبة النهضة |
||
| 300 | _a537 | ||
| 650 | 0 | 4 | _aمصر |
| 650 | 0 | 4 | _aمصر القديمة |
| 650 | 0 | 4 | _aالتاريخ |
| 650 | 0 | 4 | _aالحضارة الفرعونية |
| 942 |
_2ddc _cBK |
||
| 999 |
_c59100 _d59100 |
||